00846nam a2200253Ia 4500008004100000020001700041050001600058050001400074100002000088245005000108245008000158250001600238260001600254260003400270260000900304300001600313300002800329300001100357500002000368650004100388650003000429999001900459952011400478180523s9999 xx 000 0 und d a0582-40519-X aMAIN TK 146 b.H84 2002 aHughes, Edward. 0aHughes electrical and electronic technology / 0cEdward Hughes; revised by Ian McKenzie Smith with John Hiley & Keith Brown. a8th Edition aSingapore : bPearson Education South Asia, c2002 a896 pages : bcolored illustrations ; c24 cm. aIncludes index. aElectrical engineering -- Textbooks. xElectronics -- Textbooks. c357698d357698 001040aSMCbSMCcMAINd2005-03-07l0oMAIN TK 146 .H84 2002pSMC01840r2018-05-23 00:00:00w2018-05-23yBK